000 00502nam a2200169Ia 4500
008 240729s9999 xx 000 0 und d
022 _a2008-238X
245 0 _aIranian Journal of Parasitology
260 _aIran, Islamic Republic of
260 _bTehran University of Medical Sciences
650 _a Infectious and parasitic diseases
650 _a Internal medicine
650 _aMedicine
856 _uhttps://doaj.org/toc/7fc3ec9374c14f029577d6acf6d66662
942 _2ddc
942 _cDOAJEJ
999 _c66677
_d66677
945 _a1
_bMadushi Gamage
_c1
_dMadushi Gamage